000 00493nam a2200169Ia 4500
005 20250508154005.0
008 008 250505s9999 xx 000 0 eng d
037 _aTextual
040 _aFEDL
_beng
_cFEDL
041 _aeng
_2eng
084 _a374, WOR
_qFEDL
245 0 _aWidening horizon : Social education in a specialist age
260 _aTemple House
_bWorkers' Educational Association
_c1964
300 _a63p.
942 _cTEXL
_h374, WOR
999 _c1346851
_d1346851